Agustín Riganelli
Sparad:
| Huvudupphovsman: | |
|---|---|
| Materialtyp: | Bok |
| Språk: | spanska |
| Publicerad: |
Buenos Aires
Futura
1943
|
| Ämnen: | |
| Taggar: |
Lägg till en tagg
Inga taggar, Lägg till första taggen!
|
MARC
| LEADER | 00000nam a2200000 a 4500 | ||
|---|---|---|---|
| 001 | UCZ1564 | ||
| 003 | CL-VaPUC | ||
| 008 | 950824e19430000AG |||||||||||||||||spa|d | ||
| 082 | 0 | 4 | |a 730.92 |b LEO |2 21 |
| 100 | 0 | |a León Pagano, José |e author |9 345142 | |
| 245 | 1 | 0 | |a Agustín Riganelli |
| 300 | |a 148 p | ||
| 942 | |c BK | ||
| 945 | |d 19950824 00:00:00 |a awong | ||
| 260 | |a Buenos Aires |b Futura |c 1943 | ||
| 600 | 0 | 7 | |a RIGANELLI, AGUSTIN |2 CL-VaPUC |9 345143 |
| 650 | 7 | |a ESCULTURA ARGENTINA |2 CL-VaPUC |9 345144 | |
| 650 | 0 | |a Arte |9 265238 | |
| 651 | 0 | |a Argentina |9 254888 | |
| 583 | |a last modification |c 19950824 00:00:00 |k Rodrigo Vera | ||
| 999 | |c 238300 |d 238298 | ||
| 952 | |0 0 |1 0 |4 0 |6 730_920000000000000_LEO_1943 |7 0 |8 R |9 248371 |a BIBART |b BIBART |d 2019-11-18 |i 2009501 |l 1 |o 730.92 LEO 1943 |p 2009501 |r 2025-03-13 |s 2022-09-28 |w 2019-11-18 |y BK_R |k ART | ||